Statistiken für Europäische Länder - Reichstes bis ärmstes Land

Klicken Sie hier um das Quiz zu spielen!

Allgemein

  • Dieses Quiz wurde 171 mal gespielt
  • Das Durchschnittsergebnis liegt bei 18 aus 40

Antwortstatistiken

RankingEuropäisches Land% Korrekt
Reichstes #1Luxemburg
94%
#2Norwegen
82%
#4Schweiz
73%
#3Irland
61%
#9Deutschland
57%
#7Schweden
57%
#6Niederlande
54%
#10Österreich
53%
#12Belgien
49%
#8Island
49%
Ärmstes #40Moldawien (Republik Moldau)
49%
#11Dänemark
48%
#14Frankreich
48%
#15Finnland
44%
#5San Marino
44%
#13Vereinigtes Königreich
44%
#37Albanien
42%
#38Bosnien und Herzegowina
42%
#17Italien
42%
#25Polen
42%
#18Spanien
42%
#24Portugal
40%
#39Ukraine
40%
#32Bulgarien
39%
#23Estland
39%
#30Kroatien
39%
#35Nordmazedonien
39%
#31Rumänien
39%
#36Serbien
39%
#27Griechenland
38%
#20Slowenien
38%
#26Ungarn
38%
#29Lettland
37%
#22Litauen
37%
#28Russland
37%
#21Slowakei
37%
#19Tschechien
37%
#34Montenegro
36%
#33Weißrussland
34%
#16Malta
32%

Verteilung der Resultate

Perzentil nach korrekt beantworteten Fragen

Anzahl Personen mit jedem Resultat

Ihre Resultats-Entwicklung

Sie haben dieses Quiz noch nicht gespielt